| 000 -LEADER |
| fixed length control field |
00776nam a2200241 a 4500 |
| 001 - CONTROL NUMBER |
| control field |
015389906 |
| 003 - CONTROL NUMBER IDENTIFIER |
| control field |
UkOxU |
| 005 - DATE AND TIME OF LATEST TRANSACTION |
| control field |
20230116120510.0 |
| 008 - FIXED-LENGTH DATA ELEMENTS--GENERAL INFORMATION |
| fixed length control field |
010614r20011974enk j 000 1 eng d |
| 020 ## - INTERNATIONAL STANDARD BOOK NUMBER |
| International Standard Book Number |
9781903015155 |
| 035 ## - SYSTEM CONTROL NUMBER |
| System control number |
BNB2648.4084 |
| 040 ## - CATALOGING SOURCE |
| Original cataloging agency |
OX/U-1 |
| Transcribing agency |
. |
| Modifying agency |
KH8 |
| 082 ## - DEWEY DECIMAL CLASSIFICATION NUMBER |
| Classification number |
823.914 AIK |
| 100 1# - MAIN ENTRY--PERSONAL NAME |
| Personal name |
Aiken, Joan, |
| Dates associated with a name |
1924-2004. |
| Relator term |
author |
| 245 10 - TITLE STATEMENT |
| Title |
Mortimer's bread bin / |
| Statement of responsibility, etc. |
Joan Aiken ; illustrated by Quentin Blake. |
| 260 ## - PUBLICATION, DISTRIBUTION, ETC. |
| Place of publication, distribution, etc. |
London : |
| Name of publisher, distributor, etc. |
Barn Owl Books, |
| Date of publication, distribution, etc. |
2001. |
| 300 ## - PHYSICAL DESCRIPTION |
| Extent |
77 p. : |
| Other physical details |
ill. ; |
| Dimensions |
20 cm. |
| 500 ## - GENERAL NOTE |
| General note |
Originally published: London : British Broadcasting Corporation, 1974. |
| 650 #0 - SUBJECT ADDED ENTRY--TOPICAL TERM |
| Topical term or geographic name entry element |
Ravens |
| Form subdivision |
Juvenile fiction. |
| 700 1# - ADDED ENTRY--PERSONAL NAME |
| Personal name |
Blake, Quentin. |
| Relator term |
illustrator |
| 942 ## - ADDED ENTRY ELEMENTS (KOHA) |
| Source of classification or shelving scheme |
|
| Koha item type |
Books - Non Ficton |